[Event "Mechanics' Spring TNM; G/2"]
[Site "San Francisco"]
[Date "2017.04.11"]
[Round "5.28"]
[White "Harris, Clarence"]
[Black "James, Charles"]
[Result "1-0"]
[WhiteElo "1800"]
[BlackElo "1435"]
[PlyCount "71"]
[EventDate "2017.??.??"]

1. e4 d5 2. exd5 Qxd5 3. Nf3 Nf6 4. d3 Bg4 5. Be2 c6 6. O-O e6 7. Nc3 Qd8 8.
Bg5 Bxf3 9. Bxf3 Nbd7 10. Re1 Qc7 11. Ne4 O-O-O 12. Qd2 Be7 13. Qe3 Kb8 14.
Nxf6 Nxf6 15. c4 Qa5 16. Bf4+ Bd6 17. c5 Bxf4 18. Qxf4+ Qc7 19. Qc4 Rhe8 20. d4
h5 21. Re5 g6 22. b4 Nd5 23. a4 f6 24. Ree1 e5 25. b5 cxb5 26. axb5 Nb6 27. Qa2
Nd5 28. Qxa7+ Kc8 29. b6 Qc6 30. Qa2 e4 31. Bxe4 Rxe4 32. Rxe4 Nc3 33. Qf7 Kb8
34. Qe7 Qd7 35. Qxd7 Rxd7 36. Re8+ 1-0

[Event "Mechanics' Winter TNM; G/2"]
[Site "San Francisco"]
[Date "2017.01.03"]
[Round "1.15"]
[White "Harris, Clarence"]
[Black "Kim, Isaiah"]
[Result "0-1"]
[WhiteElo "1410"]
[BlackElo "1999"]
[PlyCount "42"]
[EventDate "2017.??.??"]

1. e4 c6 2. d3 d5 3. Nd2 e5 4. Ngf3 Bd6 5. g3 Nf6 6. Bg2 O-O 7. O-O Nbd7 8. Re1
Qc7 9. Nf1 d4 10. h4 Ng4 11. N1h2 Ndf6 12. Bg5 h6 13. Nxg4 Nxg4 14. Bd2 f5 15.
Nh2 Nxh2 16. Kxh2 fxe4 17. Bxe4 Rxf2+ 18. Kg1 Qf7 19. Qc1 Bh3 20. Bxh6 Rf8 21.
Qg5 Be7 0-1

[Event "Mechanics' Winter TNM; G/2"]
[Site "San Francisco"]
[Date "2017.01.24"]
[Round "4.43"]
[White "Harris, Clarence"]
[Black "McCarty-Snead, Tallulah"]
[Result "1-0"]
[WhiteElo "1410"]
[BlackElo "568"]
[PlyCount "55"]
[EventDate "2017.??.??"]

1. e4 e5 2. Nf3 Nc6 3. Bb5 Nf6 4. O-O Bc5 5. Bxc6 dxc6 6. d3 Bg4 7. Bg5 Bxf3 8.
Qxf3 O-O 9. Qg3 Re8 10. Nd2 Kf8 11. Nf3 Bd6 12. Nh4 Ke7 13. Qh3 Qd7 14. Bxf6+
gxf6 15. Nf5+ Kd8 16. Qxh7 Kc8 17. Qg7 Qe6 18. h4 Bf8 19. Qg8 Bc5 20. Qh7 Bd4
21. Ng7 Qd7 22. Nxe8 Qxe8 23. Qg7 Qd7 24. h5 Kd8 25. Qxf6+ Kc8 26. h6 b6 27. h7
Kb7 28. h8=Q 1-0

[Event "Mechanics' Spring TNM; G/2"]
[Site "San Francisco"]
[Date "2017.03.28"]
[Round "3.29"]
[White "Harris, Clarence"]
[Black "McKellar, Daniel"]
[Result "0-1"]
[WhiteElo "1400"]
[BlackElo "1744"]
[Annotator "Winslow,E"]
[PlyCount "38"]
[EventDate "2017.??.??"]

1. e4 e5 2. Nf3 Nc6 3. Bb5 a6 4. Bxc6 dxc6 5. O-O Ne7 {
One of the popular moves here, others being} (5... Bg4 6. h3 h5) (5... f6 6. d4
Bg4 (6... exd4 7. Nxd4 c5 (7... Bd6) (7... Ne7)) 7. dxe5 (7. c3) 7... Qxd1 8.
Rxd1 fxe5 (8... Bxf3 9. gxf3 fxe5 10. Rd3) 9. Rd3 (9. Nbd2 O-O-O {
it becomes difficult to develop his pieces.}) 9... Bd6 10. Nbd2 Nf6 (10... b5)
11. Nc4 O-O 12. Nfxe5 Be2 13. Re3 Bxc4 14. Nxc4 Ng4 $1 (14... Bc5 {
is a known draw:} 15. Re1 Rae8 16. Be3 Bxe3 17. Rxe3 Rxe4 18. Rxe4 Nxe4 19. f3
Nd6) 15. Re2 Bxh2+ 16. Kf1 $6 Rae8 17. Nd2 $6 (17. c3) 17... Rd8 $1 {0-1 (59) K
amsky,G (2741)-Carlsen,M (2862) Saint Louis 2013 CBM 157 [Ramirez Alvarez]}) (
5... Bd6) (5... Be7) (5... Qd6) 6. Re1 $6 (6. Nxe5 Qd4 7. Qh5 g6 8. Nf3 (8. Qg5
Bg7 9. Nd3) 8... Qxe4 9. Qa5 Qf4) 6... Ng6 7. d4 Bg4 8. Bg5 $2 f6 9. Be3 Bd6
10. h3 Bxf3 11. Qxf3 Qd7 12. Nc3 exd4 13. Bxd4 O-O-O 14. Rad1 Qe7 15. Qf5+ Kb8
16. Na4 Ne5 17. Bxe5 Bxe5 18. Rd3 Rxd3 19. cxd3 Qb4 0-1

[Event "Mechanics' Winter TNM; G/2"]
[Site "San Francisco"]
[Date "2017.02.07"]
[Round "6.43"]
[White "Harris, Clarence"]
[Black "Otterbach, Renate"]
[Result "1-0"]
[WhiteElo "1410"]
[BlackElo "1149"]
[PlyCount "71"]
[EventDate "2017.??.??"]

1. e4 e6 2. d3 d5 3. Nd2 c5 4. Ngf3 Nc6 5. g3 Nf6 6. Bg2 Be7 7. O-O d4 8. Re1
e5 9. h4 Bg4 10. Nf1 h6 11. N1h2 Be6 12. Bd2 b5 13. c3 O-O 14. cxd4 cxd4 15.
Rc1 Nb4 16. Nxe5 Qb6 17. a3 Na2 18. Rc6 Qb7 19. Ba5 Nd7 20. Nxd7 Bxd7 21. Rc7
Qa6 22. Rxd7 Bxa3 23. bxa3 Qxa5 24. e5 Rac8 25. e6 fxe6 26. Qe2 Rfe8 27. Bh3
Kh8 28. Qe5 Qxe1+ 29. Qxe1 Rc1 30. Qxc1 Nxc1 31. Rxa7 Nxd3 32. Ra5 e5 33. Rxb5
Ra8 34. Bf5 Nc1 35. Rxe5 Rd8 36. Nf3 1-0

[Event "Mechanics' Summer TNM; G/2 d5"]
[Site "San Francisco"]
[Date "2017.06.27"]
[Round "6.31"]
[White "Harris, Clarence"]
[Black "Rakonitz, David"]
[Result "1-0"]
[WhiteElo "1411"]
[BlackElo "1750"]
[Annotator "Winslow"]
[PlyCount "75"]
[EventDate "2017.??.??"]

1. e4 e6 2. d3 d5 3. Nd2 c5 4. g3 Nc6 5. Bg2 b5 $6 (5... Nf6) 6. Ngf3 Bd6 (6...
Nf6) 7. O-O Nge7 8. Re1 Qc7 9. Qe2 f6 10. Nf1 O-O 11. h4 d4 12. h5 e5 13. N1h2
Be6 14. g4 c4 15. Nh4 cxd3 16. cxd3 Nb4 17. Bd2 Nxa2 18. Nf5 Rfc8 19. Nf3 Rab8
20. N3h4 Bb4 21. Bxb4 Nxb4 22. Rec1 Qd7 23. Qd2 Na2 24. Rxc8+ Rxc8 25. Qa5 Rc1+
26. Rxc1 Nxc1 27. Nxe7+ Qxe7 28. Qxb5 Bxg4 $4 29. Nf5 $4 (29. Qc4+) 29... Ne2+
30. Kf1 Bxf5 31. exf5 Nf4 32. Qc4+ Kf8 33. Qc8+ Kf7 $2 (33... Qe8) 34. Qc4+ Ke8
35. Bc6+ Kf8 36. Ba4 Qd6 $4 (36... g6 37. h6 Qb7 $11) 37. Qc8+ Ke7 38. Qe8# 1-0

[Event "Mechanics' Spring TNM; G/2"]
[Site "San Francisco"]
[Date "2017.04.25"]
[Round "7.38"]
[White "Harris, Clarence"]
[Black "Rakonitz, David"]
[Result "0-1"]
[WhiteElo "1400"]
[BlackElo "1717"]
[PlyCount "90"]
[EventDate "2017.??.??"]

1. e4 e6 2. d3 d5 3. Nd2 c5 4. Ngf3 Nc6 5. g3 Bd6 6. Bg2 Nge7 7. O-O O-O 8. Re1
Qc7 9. Qe2 f6 10. h4 Bd7 11. Nf1 d4 12. h5 b5 13. N1h2 e5 14. Nh4 Be6 15. Nf5
Nxf5 16. exf5 Bxf5 17. Bd5+ Kh8 18. Qf3 Bd7 19. h6 g6 20. Ng4 Be7 21. Qe2 Rae8
22. f4 Bd6 23. Qf3 Qc8 24. Nf2 Nb8 25. Ne4 Be7 26. Nf2 Qc7 27. Qe4 Bd6 28. Qf3
Bc6 29. Be4 Bxe4 30. Nxe4 Qc6 31. f5 g5 32. Qg4 Be7 33. Kf2 Nd7 34. Bd2 c4 35.
Rac1 Nc5 36. Nxc5 Bxc5 37. a3 Qb7 38. Bb4 Rc8 39. Bxc5 Rxc5 40. b4 cxb3 41.
cxb3 Rfc8 42. Rcd1 Qd5 43. Rd2 Qxb3 44. Ree2 Kg8 45. Qh5 Kf8 0-1

[Event "Mechanics' Peter Grey TNM; G/2 d5"]
[Site "San Francisco"]
[Date "2017.08.15"]
[Round "2.24"]
[White "Harris, Clarence"]
[Black "Revi, Frank"]
[Result "1-0"]
[WhiteElo "1422"]
[BlackElo "1306"]
[Annotator "Donaldson"]
[PlyCount "94"]
[EventDate "2017.??.??"]

1. e4 c5 2. Nc3 Nc6 3. g3 e6 4. Bg2 d6 5. f4 Nf6 6. Nf3 Be7 7. O-O Qc7 8. d3
O-O 9. Be3 Ng4 10. Bd2 a6 11. h3 Nf6 12. Qe2 Nh5 13. Kh2 Bd7 14. g4 Nf6 15. g5
Ne8 16. Nh4 Nd4 17. Qh5 d5 $5 (17... Nxc2 18. Rac1 Nb4 19. Nd5 exd5 20. Bxb4
Qb6 21. Ba3) 18. e5 Nf5 $4 (18... g6 $1 19. Qd1 (19. Qg4 Nxc2) 19... h6 $17)
19. Nxf5 exf5 20. Nxd5 $18 Qd8 21. Nxe7+ Qxe7 22. Bxb7 Rb8 23. Bxa6 Rxb2 24.
Rfc1 Ba4 25. Qd1 Nc7 26. Bc3 $2 (26. Bc4 $16) 26... Rbb8 $2 (26... Rxc2+ 27.
Rxc2 Nxa6) 27. Bc4 Ne6 28. Bxe6 Qxe6 29. Rcb1 Rbd8 30. Rb2 c4 31. d4 Qd5 32.
Qe2 Bb5 33. a4 Bc6 34. a5 Ra8 35. Rb6 Ra7 36. Rab1 Re8 37. Qf1 Qe4 38. Qf2 Rb7
39. Re1 Qd5 40. Kg3 f6 41. gxf6 Rxb6 42. axb6 Qf7 43. Kh2 gxf6 44. Rg1+ Kh8 45.
Qg3 Rg8 46. Qxg8+ Qxg8 47. Rxg8+ Kxg8 1-0

[Event "Mechanics' Peter Grey TNM; G/2 d5"]
[Site "San Francisco"]
[Date "2017.09.26"]
[Round "8.45"]
[White "Harris, Clarence"]
[Black "Robertson, Terrance"]
[Result "0-1"]
[WhiteElo "1422"]
[BlackElo "1433"]
[PlyCount "84"]
[EventDate "2017.??.??"]

1. e4 e5 2. Nf3 Nf6 3. d3 Nc6 4. g3 Be7 5. Bg2 d6 6. O-O Bg4 7. h3 Bxf3 8. Bxf3
Nd4 9. Bg2 c5 10. c3 Nc6 11. Nd2 O-O 12. Nc4 Re8 13. Ne3 g6 14. Nd5 Nxd5 15.
exd5 Nb8 16. f4 exf4 17. Bxf4 Nd7 18. Qf3 f5 19. Rae1 Qb6 20. Bh6 Ne5 21. Qe2
Bf6 22. Be4 Nd7 23. Rxf5 gxf5 24. Qh5 c4+ 25. Kh1 Qf2 26. Re2 Qf1+ 27. Kh2 cxd3
28. Bxd3 Rxe2+ 29. Qxe2 Qxe2+ 30. Bxe2 Re8 31. Bd3 Nb6 32. Bxf5 Re2+ 33. Kh1
Nxd5 34. Kg1 Rxb2 35. Be6+ Kh8 36. Bxd5 Bxc3 37. Bf4 Be5 38. Be3 b6 39. h4 Kg7
40. h5 h6 41. Bf2 Rd2 42. Bb3 Bd4 0-1

[Event "Mechanics' Peter Grey TNM; G/2 d5"]
[Site "San Francisco"]
[Date "2017.08.29"]
[Round "4.27"]
[White "Harris, Clarence"]
[Black "Sherwood, Peter"]
[Result "0-1"]
[WhiteElo "1422"]
[BlackElo "1659"]
[PlyCount "86"]
[EventDate "2017.??.??"]

1. e4 c5 2. Nc3 Nc6 3. g3 g6 4. Bg2 Bg7 5. d3 d6 6. f4 e6 7. Nf3 Nge7 8. O-O
Rb8 9. Be3 b5 10. e5 dxe5 11. fxe5 Nd4 12. Ne4 Nef5 13. Bf2 O-O 14. c3 Nxf3+
15. Bxf3 Bxe5 16. Bxc5 Qc7 17. Bf2 Nd6 18. d4 Nxe4 19. Bxe4 Bg7 20. Be3 Bb7 21.
Bxb7 Qxb7 22. Qd2 Rbd8 23. Bh6 e5 24. Bxg7 Kxg7 25. Qf2 exd4 26. Qf6+ Kg8 27.
cxd4 Qd5 28. Rf4 Rd6 29. Qe5 Qxe5 30. dxe5 Re6 31. Re1 f6 32. Rfe4 Rfe8 33. Kf2
Rxe5 34. Rxe5 Rxe5 35. Rxe5 fxe5 36. Kf3 Kf7 37. Ke4 Ke6 38. g4 h6 39. h3 b4
40. h4 a6 41. Kd3 Kd5 42. b3 e4+ 43. Ke3 Ke5 0-1

[Event "Mechanics' Fall TNM; G/2 d5"]
[Site "San Francisco"]
[Date "2017.11.21"]
[Round "5.31"]
[White "Harris, Clarence"]
[Black "Sherwood, Peter"]
[Result "0-1"]
[WhiteElo "1419"]
[BlackElo "1678"]
[Annotator "Sherwood"]
[PlyCount "53"]
[EventDate "2017.??.??"]

1. e4 e6 2. d3 d5 3. Nd2 Nf6 4. g3 Nc6 5. Bg2 dxe4 6. dxe4 e5 7. Ngf3 Bc5 8.
O-O O-O 9. h3 Be6 10. Ng5 Bd7 11. c3 h6 12. Ngf3 Be6 13. Qc2 Qe7 14. b4 Bd6 15.
a4 a6 16. Ba3 b5 17. a5 Rac8 (17... Nxa5 $6 18. bxa5 Bxa3 19. Nxe5) 18. Nh4 Qd7
19. Nf5 Rfd8 20. Nxd6 Qxd6 21. Rfd1 Qd3 22. Qxd3 $6 Rxd3 23. Rac1 Rcd8 24. Bf3
$2 Rxd2 25. Rxd2 Rxd2 26. Rd1 Rxd1+ 27. Bxd1 (27. Bxd1 Nxe4 (27... Bxh3) 28.
Bf3 Bd5) 0-1

[Event "Mechanics' Summer TNM; G/2 d5"]
[Site "San Francisco"]
[Date "2017.06.13"]
[Round "4.31"]
[White "Harris, Clarence"]
[Black "Walters, Kevin"]
[Result "0-1"]
[WhiteElo "1411"]
[BlackElo "1860"]
[PlyCount "84"]
[EventDate "2017.??.??"]

1. e4 d5 2. exd5 Qxd5 3. Nf3 Bg4 4. Be2 Nf6 5. d4 Nc6 6. c4 Qh5 7. h3 O-O-O 8.
Be3 e5 9. d5 e4 10. Ng5 Bb4+ 11. Nc3 Ne5 12. O-O Bxe2 13. Nxe2 Nxc4 14. Ng3
Qxd1 15. Raxd1 Rxd5 16. N3xe4 Rxd1 17. Rxd1 Nxe4 18. Nxe4 Nxe3 19. fxe3 Be7 20.
b3 g6 21. Nc3 Bc5 22. Kf2 Rd8 23. Rxd8+ Kxd8 24. Ne4 Be7 25. g4 Kd7 26. Kf3 Ke6
27. Kf4 h6 28. Nc3 Bf6 29. Ne4 Be5+ 30. Kf3 Kd5 31. g5 h5 32. h4 c5 33. Nd2 Bc3
34. e4+ Kc6 35. Ke3 Bxd2+ 36. Kxd2 b5 37. Kd3 Kd6 38. Ke2 Ke5 39. Ke3 c4 40.
bxc4 bxc4 41. a3 a6 42. a4 a5 0-1

[Event "Mechanics' Winter TNM; G/2"]
[Site "San Francisco"]
[Date "2017.01.24"]
[Round "4.33"]
[White "Harris III, William"]
[Black "Weingarten, Daniel"]
[Result "0-1"]
[WhiteElo "1175"]
[BlackElo "1658"]
[PlyCount "38"]
[EventDate "2017.??.??"]

1. e4 e5 2. Nf3 Nc6 3. Bc4 Nf6 4. d3 Bc5 5. Ng5 O-O 6. Nc3 Na5 7. O-O Nxc4 8.
dxc4 h6 9. h4 hxg5 10. hxg5 Nh7 11. Qh5 c6 12. g3 Qe7 13. Kg2 Qe6 14. Rh1 Qg6
15. Ne2 Qxe4+ 16. Kf1 d6 17. f3 Qxc2 18. Rh2 Qd1+ 19. Kg2 Qxe2+ 0-1

[Event "Mechanics' Spring TNM; G/2"]
[Site "San Francisco"]
[Date "2017.04.11"]
[Round "5.26"]
[White "Hilliard, Michael"]
[Black "Babayan, Gagik"]
[Result "0-1"]
[WhiteElo "1465"]
[BlackElo "1806"]
[PlyCount "96"]
[EventDate "2017.??.??"]

1. d4 Nf6 2. Nf3 g6 3. e3 d5 4. Bd3 Bg7 5. Nbd2 O-O 6. O-O Nbd7 7. b3 b6 8. Bb2
Bb7 9. c4 e6 10. Rc1 Ne4 11. b4 Nxd2 12. Nxd2 Nf6 13. c5 c6 14. Nf3 Ne4 15. Qc2
f5 16. Nd2 b5 17. f3 Nf6 18. a4 a6 19. a5 Nd7 20. Rf2 e5 21. f4 exf4 22. exf4
Nf6 23. Nf3 Ne4 24. Re2 h6 25. g3 Qf6 26. Ne5 Rad8 27. Qb3 Kh7 28. Rf1 Bc8 29.
Qc2 Qe6 30. Rg2 h5 31. Qe2 Bd7 32. Nf3 Bf6 33. Ne5 Be8 34. Bc2 Bxe5 35. fxe5
Rd7 36. Bc1 Rg7 37. Qe3 Kg8 38. h3 g5 39. Qf3 Qg6 40. g4 hxg4 41. hxg4 f4 42.
Re1 Rh7 43. Bxe4 dxe4 44. Rxe4 Bf7 45. Rge2 Bd5 46. Bd2 Qe6 47. Bc3 Rh4 48. Rg2
Kg7 0-1

[Event "Mechanics' Summer TNM; G/2 d5"]
[Site "San Francisco"]
[Date "2017.07.18"]
[Round "8.36"]
[White "Hilliard, Michael"]
[Black "Baer, Michael Alan"]
[Result "0-1"]
[WhiteElo "1420"]
[BlackElo "1306"]
[Annotator "Donaldson"]
[PlyCount "54"]
[EventDate "2017.??.??"]

1. d4 Nf6 2. Nf3 d5 3. e3 Bf5 4. c4 e6 5. Qb3 Nc6 6. Qxb7 $2 {Diagram [#]} (6.
c5 $11) 6... Nb4 $1 7. Qb5+ $2 (7. Na3 a6 $1) 7... c6 8. Qa4 Nc2+ 9. Kd2 Nxa1
10. Qxc6+ Nd7 11. Bd3 Rc8 12. Qa4 Bxd3 13. Kxd3 dxc4+ (13... Rxc4) 14. Ke2 Rc7
(14... Qb6) 15. Nc3 Bd6 16. Bd2 O-O 17. Rxa1 Nb6 18. Qc2 a6 19. Rc1 Nd5 $2 20.
Ne4 (20. Nxd5 $1 exd5 21. Ba5) 20... Bb4 (20... Rb7 $1) 21. Ne5 (21. a3) 21...
Bxd2 22. Nxd2 Nb4 23. Qb1 Nd3 24. Nxd3 cxd3+ 25. Qxd3 $2 (25. Kxd3 Rxc1 26.
Qxc1 e5 $17) 25... Rxc1 26. Ne4 Qc8 27. Ng5 Qc2+ 0-1

[Event "Mechanics' Spring TNM; G/2"]
[Site "San Francisco"]
[Date "2017.03.28"]
[Round "3.33"]
[White "Hilliard, Michael"]
[Black "Boldi, Ethan Vaugh"]
[Result "1-0"]
[WhiteElo "1465"]
[BlackElo "1865"]
[PlyCount "89"]
[EventDate "2017.??.??"]

1. d4 e6 2. Nf3 d5 3. e3 Nf6 4. Bd3 c5 5. c3 Nc6 6. Nbd2 Qb6 7. a3 Bd7 8. O-O
cxd4 9. cxd4 Bd6 10. b4 a6 11. Bb2 Rc8 12. e4 Bf4 13. e5 Ng8 14. Nb3 f6 15. Nc5
Nce7 16. Bc1 Bxc1 17. Rxc1 h5 18. Nh4 f5 19. f4 g6 20. Rc3 a5 21. Qb3 a4 22.
Qd1 Rc7 23. Rf2 Nh6 24. h3 Qa7 25. Rfc2 Kf7 26. Nf3 Rhc8 27. Qc1 Nc6 28. Qe3
Nd8 29. Be2 Be8 30. Qc1 Ke7 31. Kh1 Nc6 32. b5 Na5 33. Nxa4 Rxc3 34. Rxc3 Nc4
35. Nb2 Bxb5 36. Bxc4 dxc4 37. Nxc4 Bc6 38. Nd6 Rd8 39. Qb2 Nf7 40. Nxf7 Kxf7
41. Ng5+ Ke8 42. Nxe6 Rd7 43. Qb4 Re7 44. Nc5 Kd8 45. Qc4 1-0

[Event "Mechanics' Peter Grey TNM; G/2 d5"]
[Site "San Francisco"]
[Date "2017.08.29"]
[Round "4.33"]
[White "Hilliard, Michael"]
[Black "Cendejas, Juan"]
[Result "0-1"]
[WhiteElo "1400"]
[BlackElo "1741"]
[PlyCount "48"]
[EventDate "2017.??.??"]

1. d4 Nf6 2. Nf3 d5 3. e3 e6 4. Bd3 Bd6 5. Nbd2 O-O 6. O-O c5 7. c3 Nc6 8. Re1
e5 9. e4 Bg4 10. dxc5 Bxc5 11. b4 Bd6 12. exd5 Nxd5 13. Qc2 Nf6 14. b5 Ne7 15.
Nxe5 Qc7 16. Nxg4 Nxg4 17. g3 f5 18. Nf1 h5 19. h3 Ne5 20. Bf4 Nf3+ 21. Kg2
Nxe1+ 22. Rxe1 Bxf4 23. gxf4 Ng6 24. Bxf5 Nh4+ 0-1

[Event "Mechanics' Fall TNM; G/2 d5"]
[Site "San Francisco"]
[Date "2017.11.14"]
[Round "4.38"]
[White "Hilliard, Michael"]
[Black "Cohee, James"]
[Result "1-0"]
[WhiteElo "1493"]
[BlackElo "1640"]
[Annotator "Donaldson"]
[PlyCount "97"]
[EventDate "2017.??.??"]

1. d4 d5 2. Nf3 Nf6 3. e3 e6 4. Bd3 c5 5. c3 Nc6 6. Nbd2 Bd6 7. O-O O-O 8. Re1
b6 9. b3 Bb7 10. Bb2 Qc7 11. e4 dxe4 12. Nxe4 Nxe4 13. Bxe4 Rad8 14. Bxh7+ $2
Kh8 $2 (14... Kxh7) 15. Be4 g6 16. g3 Kg8 17. Qc1 Qe7 18. dxc5 Bxc5 19. c4 Nd4
20. Kg2 Nxf3 21. Bxf3 Bxf3+ 22. Kxf3 Qb7+ 23. Ke2 Qg2 24. Qf4 Bxf2 25. Qxf2
Rd2+ 26. Kxd2 Qxf2+ 27. Kc3 Qxh2 28. Rh1 Qxg3+ 29. Kc2 e5 30. Rag1 Qf2+ 31. Kb1
Qf5+ 32. Ka1 f6 33. Rf1 Qe6 34. Rd1 Kg7 35. Rh2 Rf7 36. Rdh1 g5 37. Ba3 Rd7 38.
Rh7+ Kg6 39. R7h6+ Kf5 40. Rf1+ Ke4 41. Re1+ Kd3 42. Rh2 Qg4 43. Bb4 Qf4 44.
Rh3+ Kc2 $4 (44... Kd4) 45. Rc3+ Kd2 46. Rcc1+ Kd3 47. Rcd1+ Kc2 48. Rxd7 g4
49. Re2+ 1-0

[Event "Mechanics' Spring TNM; G/2"]
[Site "San Francisco"]
[Date "2017.04.18"]
[Round "6.34"]
[White "Hilliard, Michael"]
[Black "Erdenebileg, Erkhes"]
[Result "0-1"]
[WhiteElo "1465"]
[BlackElo "1551"]
[PlyCount "64"]
[EventDate "2017.??.??"]

1. d4 d5 2. Nf3 Nf6 3. e3 Bg4 4. c4 c6 5. Nbd2 Nbd7 6. Qb3 Qc7 7. cxd5 cxd5 8.
Qa4 e6 9. Ne5 Bd6 10. Ndf3 Bxf3 11. Nxf3 O-O 12. Bd3 e5 13. dxe5 Nxe5 14. Qd1
Nxf3+ 15. Qxf3 Bb4+ 16. Bd2 Bxd2+ 17. Kxd2 Qe5 18. Rab1 Rad8 19. Ke2 h6 20. g3
b6 21. Rhd1 d4 22. Kf1 dxe3 23. Qb7 Rd7 24. Qa6 exf2 25. Be2 Rfd8 26. Kxf2 Ne4+
27. Kg2 Nd2 28. Bb5 Qe4+ 29. Kh3 Qf5+ 30. Kg2 Rd6 31. Rbc1 Rd5 32. Bc6 Qe4+ 0-1

[Event "Mechanics' Peter Grey TNM; G/2 d5"]
[Site "San Francisco"]
[Date "2017.08.08"]
[Round "1.19"]
[White "Hilliard, Michael"]
[Black "Khristoforov, Sergey"]
[Result "0-1"]
[WhiteElo "1400"]
[BlackElo "1940"]
[Annotator "Donaldson"]
[PlyCount "50"]
[EventDate "2017.??.??"]

1. d4 d5 2. Nf3 Nf6 3. e3 Bg4 4. c4 c6 5. Nbd2 e6 6. Qb3 Qc7 7. Ne5 Bf5 8. Bd3
Bxd3 9. Qxd3 Nbd7 10. Ndf3 Bd6 11. Nxd7 Qxd7 12. cxd5 $2 exd5 13. Bd2 O-O 14.
O-O Rfe8 15. Rac1 Ne4 16. Rfd1 Re6 17. a3 Rg6 18. Ne5 Bxe5 19. dxe5 Qg4 20. Qf1
Ng5 21. Kh1 {Diagram [#]} Nf3 $1 22. Bc3 Qh5 23. h3 Nxe5 24. Rc2 $2 (24. Bxe5
Qxe5 25. Rd4) 24... Rxg2 25. Bxe5 $2 (25. Kxg2 Qg6+ 26. Kh1 Qxc2 27. Bxe5 Qe4+)
25... Qxh3+ 0-1

[Event "Mechanics' Summer TNM; G/2 d5"]
[Site "San Francisco"]
[Date "2017.05.30"]
[Round "2.44"]
[White "Hilliard, Michael"]
[Black "Kondakov, Elena"]
[Result "0-1"]
[WhiteElo "1420"]
[BlackElo "1347"]
[PlyCount "100"]
[EventDate "2017.??.??"]

1. d4 Nf6 2. Nf3 g6 3. e3 Bg7 4. Bd3 d6 5. c3 O-O 6. Nbd2 Nc6 7. a3 e5 8. e4
exd4 9. cxd4 Bg4 10. Qa4 Re8 11. d5 Nxd5 12. O-O Nf4 13. Qb3 Nxd3 14. Qxd3 Qd7
15. Re1 Rad8 16. Rb1 d5 17. Qe2 dxe4 18. Nxe4 Bf5 19. Nfd2 Qd3 20. Qxd3 Rxd3
21. f3 Bxe4 22. Nxe4 Re7 23. Bg5 Re5 24. Nf6+ Bxf6 25. Bxf6 Re6 26. Rxe6 fxe6
27. Re1 Kf7 28. Bc3 Nd4 29. Re4 Nf5 30. Kf2 Nd6 31. Rf4+ Ke8 32. Ke2 Rd5 33. g4
Kd7 34. h4 e5 35. Rf8 h5 36. Rg8 hxg4 37. fxg4 Ne4 38. Rg7+ Ke6 39. Rxg6+ Kf7
40. h5 Ng3+ 41. Ke3 e4 42. Rf6+ Kg8 43. Bd4 c5 44. Bc3 Rd3+ 45. Kf4 Rf3+ 46.
Kg5 Rxf6 47. Kxf6 e3 48. h6 Ne4+ 49. Kg6 Nxc3 50. h7+ Kh8 0-1

[Event "Mechanics' Winter TNM; G/2"]
[Site "San Francisco"]
[Date "2017.01.10"]
[Round "2.40"]
[White "Hilliard, Michael"]
[Black "Nassif, Wassim"]
[Result "1-0"]
[WhiteElo "1465"]
[BlackElo "1136"]
[PlyCount "49"]
[EventDate "2017.??.??"]

1. d4 d5 2. Nf3 Nf6 3. e3 a6 4. Bd3 Bd7 5. Nbd2 Nc6 6. c3 Bg4 7. O-O e6 8. Qc2
Qd7 9. Re1 Be7 10. e4 g6 11. b4 b5 12. a4 Na7 13. Ne5 Qc8 14. Nf1 c6 15. Bg5
Bh5 16. Bh6 Nd7 17. exd5 Nxe5 18. Rxe5 cxd5 19. Ng3 Bd6 20. Re3 Qc7 21. Bg7 Rg8
22. Be5 Bg4 23. axb5 Bxe5 24. Rxe5 Ke7 25. bxa6 {
White later won. The scoresheets don't play beyond this point.} 1-0

[Event "Mechanics' Peter Grey TNM; G/2 d5"]
[Site "San Francisco"]
[Date "2017.09.12"]
[Round "6.41"]
[White "Hilliard, Michael"]
[Black "Nassif, Wassim"]
[Result "1-0"]
[WhiteElo "1400"]
[BlackElo "1156"]
[PlyCount "53"]
[EventDate "2017.??.??"]

1. d4 d5 2. Nf3 Nf6 3. e3 Bg4 4. c4 e6 5. Qb3 Bxf3 6. gxf3 b6 7. cxd5 exd5 8.
Nd2 Be7 9. f4 h6 10. Nf3 O-O 11. Ne5 Bd6 12. Bg2 c6 13. Bd2 Nfd7 14. Rc1 Nxe5
15. fxe5 Be7 16. Rg1 Na6 17. e4 Nc7 18. exd5 cxd5 19. Bh1 Kh7 20. Qh3 Ne6 21.
Rc3 Nxd4 22. Rxg7+ Kxg7 23. Qxh6+ Kg8 24. Rg3+ Bg5 25. Bxg5 Nf5 26. Bf6+ Ng7
27. Qxg7# 1-0

[Event "Mechanics' Peter Grey TNM; G/2 d5"]
[Site "San Francisco"]
[Date "2017.09.26"]
[Round "8.28"]
[White "Hilliard, Michael"]
[Black "Newey, Richard"]
[Result "0-1"]
[WhiteElo "1400"]
[BlackElo "1755"]
[PlyCount "44"]
[EventDate "2017.??.??"]

1. d4 d5 2. Nf3 Nf6 3. e3 Nbd7 4. Nbd2 b6 5. Bd3 c5 6. c3 Qc7 7. O-O e5 8. e4
Bd6 9. dxe5 Nxe5 10. exd5 Nxd3 11. Qc2 c4 12. Qa4+ Bd7 13. Qc2 O-O 14. b3 b5
15. bxc4 bxc4 16. a4 Nxd5 17. Qa2 Rac8 18. Ne4 Nxc1 19. Rfxc1 Bf4 20. Ned2 Bf5
21. Rab1 Bxb1 22. Qxb1 Rb8 0-1

[Event "Mechanics' Summer TNM; G/2 d5"]
[Site "San Francisco"]
[Date "2017.06.06"]
[Round "3.31"]
[White "Holderness, Ben"]
[Black "Cunningham, Charles"]
[Result "1/2-1/2"]
[WhiteElo "1179"]
[BlackElo "1397"]
[PlyCount "44"]
[EventDate "2017.??.??"]

1. e4 e5 2. Nf3 Nc6 3. Bb5 Nd4 4. Nxd4 exd4 5. O-O Bd6 6. e5 Bxe5 7. Re1 Qg5 8.
d3 Qf5 9. f4 f6 10. fxe5 fxe5 11. Qf3 Qxf3 12. Rxe5+ Ne7 13. gxf3 c6 14. Bc4 h6
15. Bd2 d6 16. Re2 g5 17. Be6 Bxe6 18. Rxe6 Kd7 19. Rf6 Rh7 20. Na3 Nd5 21. Rf5
Ne7 22. Rf6 Nd5 1/2-1/2

[Event "Mechanics' Summer TNM; G/2 d5"]
[Site "San Francisco"]
[Date "2017.07.18"]
[Round "8.28"]
[White "Holderness, Ben"]
[Black "Harris, Clarence"]
[Result "1-0"]
[WhiteElo "1179"]
[BlackElo "1411"]
[PlyCount "49"]
[EventDate "2017.??.??"]

1. d4 Nf6 2. Nf3 d6 3. Bf4 Nh5 4. Bg3 Nxg3 5. hxg3 Nc6 6. e3 Bd7 7. Bd3 e6 8.
Nc3 Be7 9. Qe2 Nb4 10. Rxh7 Rxh7 11. Bxh7 g6 12. a3 Nd5 13. Qd3 Bc6 14. Nxd5
Bxd5 15. Bxg6 fxg6 16. Qxg6+ Kd7 17. e4 Qh8 18. exd5 exd5 19. Qf5+ Kc6 20.
O-O-O Qh6+ 21. Kb1 Rf8 22. Qd3 Bf6 23. Qc3+ Kd7 24. Qb4 b6 25. Qa4+ 1-0

[Event "Mechanics' Summer TNM; G/2 d5"]
[Site "San Francisco"]
[Date "2017.06.20"]
[Round "5.38"]
[White "Holderness, Benjam"]
[Black "Brown, Nicholas M"]
[Result "1-0"]
[WhiteElo "1179"]
[BlackElo "1551"]
[PlyCount "37"]
[EventDate "2017.??.??"]

1. e4 c6 2. d4 d5 3. exd5 cxd5 4. c4 Nf6 5. Nf3 e6 6. Nc3 Bb4 7. Bg5 O-O 8. a3
Be7 9. Bd3 Nbd7 10. O-O dxc4 11. Bxc4 a6 12. Re1 b5 13. Bb3 Bb7 14. d5 Nc5 15.
dxe6 Nxb3 16. exf7+ Rxf7 17. Qxb3 Nd5 18. Bxe7 Nxe7 19. Ne5 1-0

[Event "Mechanics' Peter Grey TNM; G/2 d5"]
[Site "San Francisco"]
[Date "2017.08.29"]
[Round "4.45"]
[White "Holderness, Benjamin"]
[Black "Howell, Keith K"]
[Result "1-0"]
[WhiteElo "1338"]
[BlackElo "1247"]
[PlyCount "39"]
[EventDate "2017.??.??"]

1. d4 d5 2. c4 Nf6 3. Nc3 Bf5 4. Qb3 b6 5. cxd5 Be4 6. Nxe4 Nxe4 7. f3 Nf6 8.
e4 a6 9. Bf4 Nh5 10. Be3 h6 11. e5 g5 12. e6 fxe6 13. dxe6 b5 14. Qc2 Rg8 15.
Qe4 c6 16. Rc1 Qd6 17. d5 Nf6 18. Qf5 Qxd5 19. Qxd5 Nxd5 20. Bd4 {
White later won. Remaining moves unavailable.} 1-0